Name all 343 Canadian Ridings - Statistics

General Stats
  • This quiz has been taken 215 times
  • The average score is 76 of 343
Answer Stats
Answer % Correct
Halifax
74%
Labrador
73%
Charlottetown
68%
Northwest Territories
68%
Nunavut
68%
Yukon
68%
Carleton
65%
St. John's East
65%
Nepean
58%
Papineau
58%
Victoria
56%
Calgary Centre
53%
Avalon
52%
Gatineau
52%
Central Nova
51%
Winnipeg Centre
51%
Beauce
48%
Central Newfoundland
48%
Edmonton Centre
48%
Halifax West
48%
Long Range Mountains
48%
Ottawa Centre
48%
Terra Nova-The Peninsulas
47%
Toronto Centre
47%
Kelowna
46%
Outremont
46%
Trois-Rivières
46%
University-Rosedale
46%
Vancouver Centre
46%
Brampton West
45%
Hamilton Centre
45%
Windsor West
45%
Québec Centre
44%
Saanich-Gulf Islands
44%
Sherbrooke
44%
Vancouver East
44%
Acadie-Annapolis
42%
Ajax
42%
Brampton Centre
42%
Calgary Confederation
42%
Egmont
42%
Kitchener Centre
42%
Terrebonne
42%
Toronto-Danforth
42%
Brampton East
41%
Edmonton Strathcona
41%
Acadie-Bathurst
40%
Beauséjour
40%
Winnipeg South
40%
Cape Spear
39%
Mount Royal
39%
Oshawa
39%
Sudbury
39%
Winnipeg West
39%
Brampton South
38%
Calgary Heritage
38%
Cardigan
38%
Kingston and the Islands
38%
London Centre
38%
Moncton-Dieppe
38%
Saskatoon West
38%
Sydney-Glace Bay
38%
Vancouver Kingsway
38%
Winnipeg North
38%
Burlington
36%
Delta
36%
Etobicoke North
36%
Fredericton-Oromocto
36%
Malpeque
36%
Miramichi-Grand Lake
36%
Ottawa South
36%
Calgary East
35%
Dartmouth-Cole Harbour
35%
Kanata
35%
London-Fanshawe
35%
Nanaimo-Ladysmith
35%
Toronto-St. Paul's
35%
South Shore-St. Margarets
34%
Cumberland-Colchester
33%
Guelph
33%
Saskatoon-University
33%
Surrey Centre
33%
York Centre
33%
Calgary Nose Hill
32%
Calgary Skyview
32%
Fundy Royal
32%
Hamilton Mountain
32%
Regina-Qu'Appelle
32%
Vancouver Quadra
32%
Bay of Quinte
31%
Burnaby Central
31%
Peterborough
31%
Whitby
31%
Battle River-Crowfoot
29%
Essex
29%
Etobicoke-Lakeshore
29%
Kings-Hants
29%
LaSalle-Émard-Verdun
29%
Madawaska-Restigouche
29%
Markham-Unionville
29%
Mississauga Centre
29%
Rosemont-La Petite-Patrie
29%
St. Catharines
29%
Waterloo
29%
Don Valley West
28%
Edmonton West
28%
Elmwood-Transcona
28%
Hull-Aylmer
28%
London West
28%
North Island-Powell River
28%
Edmonton Griesbach
27%
King-Vaughan
27%
Mississauga-Lakeshore
27%
Saint-Jean
27%
Scarborough North
27%
Beaches-East York
26%
Calgary McKnight
26%
Etobicoke Centre
26%
Regina-Wascana
26%
Thornhill
26%
Calgary Midnapore
25%
Davenport
25%
Don Valley North
25%
Edmonton Riverbend
25%
Edmonton Southeast
25%
Lethbridge
25%
Oakville East
25%
Scarborough Southwest
25%
Vancouver Granville
25%
Edmonton Northwest
24%
La Pointe-de-l'Île
24%
Oakville West
24%
Red Deer
24%
Sackville-Bedford-Preston
24%
Saint John-Kennebecasis
24%
Saint John-St. Croix
24%
West Vancouver-Sunshine Coast-Sea to Sky Country
24%
Beloeil-Chambly
22%
Cape Breton-Canso-Antigonish
22%
Kitchener-Conestoga
22%
Markham-Thornhill
22%
Niagara West
22%
Saskatoon South
22%
Ahuntsic-Cartierville
21%
Bourassa
21%
Cambridge
21%
Drummond
21%
Jonquière
21%
Lac-Saint-Louis
21%
Niagara South
21%
Orléans
21%
Prince Albert
21%
South Surrey-White Rock
21%
Winnipeg South Centre
21%
Chicoutimi-Le Fjord
20%
Laval-Les Îles
20%
Shefford
20%
Skeena-Bulkley Valley
20%
Spadina-Harbourfront
20%
Thunder Bay-Rainy River
20%
Tobique-Mactaquac
20%
Berthier-Maskinongé
19%
Brampton North-Caledon
19%
Coquitlam-Port Coquitlam
19%
Courtenay-Alberni
19%
Edmonton Manning
19%
Lac-Saint-Jean
19%
Markham-Stouffville
19%
Mirabel
19%
Mississauga-Erin Mills
19%
Ottawa West-Nepean
19%
Vaughan-Woodbridge
19%
Abitibi-Baie-James-Nunavik-Eeyou
18%
Brandon-Souris
18%
Calgary Crowfoot
18%
Churchill-Keewatinook Aski
18%
Esquimalt-Saanich-Sooke
18%
Haldimand-Norfolk
18%
Hamilton East-Stoney Creek
18%
Kildonan-St. Paul
18%
Louis-Hébert
18%
Portage-Lisgar
18%
Saint-Laurent
18%
Surrey Newton
18%
Windsor-Tecumseh-Lakeshore
18%
Abbotsford-South Langley
16%
Airdrie-Cochrane
16%
Bowmanville-Oshawa North
16%
Calgary Signal Hill
16%
Cloverdale-Langley City
16%
Laurier-Saint-Marie
16%
Newmarket-Aurora
16%
Niagara Falls-Niagara-on-the-Lake
16%
Ottawa-Vanier-Gloucester
16%
Provencher
16%
Scarborough-Agincourt
16%
Vaudreuil
16%
Yellowhead
16%
Alfred-Pellan
15%
Brome-Missisquoi
15%
Compton-Stanstead
15%
Desnethé-Missinippi-Churchill River
15%
Eglington-Lawrence
15%
Foothills
15%
Grande Prairie
15%
Notre-Dame-de-Grâce-Westmount
15%
Pontiac-Kitigan Zibi
15%
Port Moody-Coquitlam
15%
Repentigny
15%
St. Boniface-St. Vital
15%
Vimy
15%
Willowdale
15%
York-Durham
15%
Abitibi-Témiscamingue
14%
Argenteuil-La Petite-Nation
14%
Beauport-Limoilou
14%
Cowichan-Malahat-Langford
14%
Mississauga-Streetsville
14%
Pierrefonds-Dollard
14%
Regina-Lewvan
14%
Richmond-Arthabaska
14%
Sault Ste. Marie-Algoma
14%
Thérèse-De Blainvillle
14%
Burnaby North-Seymour
13%
Châteauguay-Les Jardins-de-Napierville
13%
Edmonton Gateway
13%
Hochelaga-Rosemont-Est
13%
Huron-Bruce
13%
North Vancouver-Capilano
13%
Richmond Hill South
13%
Riding Mountain
13%
Simcoe North
13%
Thunder Bay-Superior North
13%
Brampton-Chinguacousy Park
12%
Dufferin-Caledon
12%
Gaspésie-Les Îles-de-la-Madeleine-Listuguj
12%
Honoré-Mercier
12%
Longueuil-Charles-LeMoyne
12%
Longueuil-Saint-Hubert
12%
Mississauga East-Cooksville
12%
Mississauga-Malton
12%
Montcalm
12%
Montmorency-Charlevoix
12%
New Westminster-Burnaby-Maillardville
12%
Oxford
12%
Parry Sound-Muskoka
12%
Saint-Maurice-Champlain
12%
Simcoe-Grey
12%
Barrie-Springwater-Oro-Medonte
11%
Calgary Shepard
11%
Charlesbourg-Haute-Saint-Charles
11%
Chilliwack-Hope
11%
Dorval-Lachine-LaSalle
11%
Fleetwood-Port Kells
11%
Humber River-Black Creek
11%
Laurentides-Labelle
11%
Pickering-Brooklin
11%
Ponoka-Didsbury
11%
Richmond Centre-Marpole
11%
Rivière-du-Nord
11%
Souris-Moose Mountain
11%
Barrie South-Innisfil
9%
Cariboo-Prince George
9%
Fort McMurray-Cold Lake
9%
Joliette-Manawan
9%
Kenora-Kiiwetinoong
9%
Lakeland
9%
La Prairie-Atateken
9%
Lévis-Lotbinière
9%
Marc-Aurèle-Fortin
9%
Milton East-Halton Hills South
9%
Portneuf-Jacques-Cartier
9%
Prince George-Peace River-Northern Rockies
9%
Richmond East-Steveston
9%
Rimouski-La Matapédia
9%
Saint-Léonard-Saint-Michel
9%
Taiaiako'n-Parkdale-High Park
9%
Bellechasse-Les Etchemins-Lévis
8%
Brossard-Saint-Lambert
8%
Hamilton West-Ancaster-Dundas
8%
Kitchener South-Hespeler
8%
Mégantic-L'Érable-Lotbinière
8%
Nipissing-Timiskaming
8%
Northumberland-Clarke
8%
Peace River-Westlock
8%
Pitt Meadows-Maple Ridge
8%
Rivière-des-Mille-Îles
8%
Scarborough-Guildwood-Rouge Park
8%
Selkirk-Interlake-Eastman
8%
Vancouver Fraserview-South Burnaby
8%
Aurora-Oak Ridges-Richmond Hill
7%
Côte-Nord-Kawawachikamach-Nitassinan
7%
Louis-Saint-Laurent-Akiawenhrahk
7%
Mont-Saint-Bruno-L'Acadie
7%
Parkland
7%
Perth-Wellington
7%
Pierre-Boucher-Les Patriotes-Verchères
7%
Saint-Hyacinthe-Bagot-Acton
7%
Scarborough Centre-Don Valley East
7%
Sherwood Park-Fort Saskatchewan
7%
Stormont-Dundas-Glengarry
7%
Ville-Marie-Le Sud-Ouest-Île-des-Soeurs
7%
Algonquin-Renfrew-Pembroke
6%
Bécancour-Nicolet-Saurel-Alnôbak
6%
Bow River
6%
Bruce-Grey-Owen Sound
6%
Chatham-Kent-Leamington
6%
Kamloops-Thompson-Nicola
6%
Leduc-Wetaskiwin
6%
Medicine Hat-Cardston-Warner
6%
Mission-Matsqui-Abbotsford
6%
Okanagan Lake West-South Kelowna
6%
Scarborough-Woburn
6%
Similkameen-South Okanagan-West Kootenay
6%
Sudbury East-Manitoulin-Nickel Belt
6%
Vernon-Lake Country-Monashee
6%
Yorkton-Melville
6%
Brantford-Brant South-Six Nations
5%
Columbia-Kootenay-Southern Rockies
5%
Côte-du-Sud-Rivière-du-Loup-Kataskomiq-Témiscouata
5%
Kamloops-Shuswap-Central Rockies
5%
Kapuskasing-Timmins-Mushkegowuk
5%
Langley Township-Fraser Heights
5%
Leeds-Grenville-Thousand Islands-Rideau Lakes
5%
St. Albert-Sturgeon River
5%
Wellington-Halton Hills North
5%
York South-Weston-Etobicoke
5%
Beauharnois-Salabery-Soulanges-Huntingdon
4%
Haliburton-Kawartha Lakes
4%
Lanark-Frontenac
4%
New Tecumseth-Gwillimbury
4%
Battlefords-Lloydminster-Meadow Lake
2%
Burlington North-Milton West
2%
Carlton Trail-Eagle Creek
2%
Les Pays-d'en-Haute
2%
Moose Jaw-Lake Centre-Lanigan
2%
Prescott-Russell-Cumberland
2%
Flamborough-Glanbrook-Brant North
1%
Hastings-Lennox and Addington-Tyendinaga
1%
Middlesex-London
1%
Sarnia-Lambton-Bkejwanong
1%
Swift Current-Grasslands-Kindersley
1%
Elgin-St. Thomas-London South
0%
No matching quizzes found
Score Distribution
Percent of People with Each Score
Percentile by Number Answered
Your Score History
You have not taken this quiz